[Event "Nanjing FIDE GP (Women)"]
[Site "Nanjing"]
[Date "2009.10.06"]
[Round "8"]
[White "Sebag, Marie"]
[Black "Zhu, Chen"]
[Result "1-0"]
[WhiteElo "2519"]
[BlackElo "2488"]
[Annotator "CB"]
[PlyCount "115"]
[EventDate "2009.09.28"]
[EventType "tourn"]
[EventRounds "11"]
[EventCountry "CHN"]
[EventCategory "8"]
[SourceTitle "CBM 132 Extra"]
[Source "ChessBase"]
[SourceDate "2009.11.03"]
[SourceVersion "1"]
[SourceVersionDate "2009.11.03"]
[SourceQuality "1"]

1. e4 d6 2. d4 Nf6 3. Nc3 e5 4. Nf3 Nbd7 5. Bc4 Be7 6. O-O O-O 7. Re1 c6 8. a4
a5 9. h3 Nb6 $5 {A speciality of Bologan who is one of the Qatar national team
trainers} 10. Bb3 (10. Ba2 Nfd7 11. Be3 exd4 12. Bxd4 Nc5 13. Bxc5 dxc5 14. Qe2
Qd6 15. Rad1 Qh6 16. Nd2 (16. Qd2 Qxd2 17. Nxd2 Rd8 18. Nc4 Nxc4 19. Bxc4 Bd7
20. Rd3 Be8 21. e5 Rd4 22. b3 Rb8 23. Rdd1 b5 24. Bf1 Kf8 25. g3 Rxd1 26. Rxd1
{1/2-1/2 Parligras,M (2574)-Bologan,V (2663)/Moscow RUS 2008 (35)}) 16... Be6
17. Bxe6 Qxe6 18. f4 f5 19. exf5 Qxe2 20. Rxe2 Bf6 21. Nde4 Bd4+ 22. Kh2 Rxf5
23. g3 Rff8 24. b3 Bxc3 25. Nxc3 {1-0 Bacrot,E (2691)-Pelletier,Y (2569)/Biel
SUI 2008 (34)}) (10. Bd3 Nfd7 11. Ne2 exd4 12. Nexd4 Nc5 13. b3 d5 14. e5 Ne4
15. Bb2 f5 16. exf6 Bxf6 17. Rb1 c5 18. Nb5 Bxb2 19. Rxb2 Qf6 20. Rb1 Bd7 21.
Bxe4 dxe4 22. Rxe4 Bc6 23. Rg4 Nd5 24. Qf1 Nf4 25. Qc4+ Kh8 26. Rxf4 Qxf4 27.
Qxf4 Rxf4 {0-1 Nataf,I (2596)-Bologan,V (2636)/Gonfreville l'Orcher FRA 2007 
(42)}) 10... Nfd7 11. Be3 exd4 12. Qxd4 $5 (12. Nxd4 Nc5 13. Qf3 Nxb3 14. cxb3
Nd7 15. Rad1 Ne5 16. Qe2 Bd7 17. f4 Ng6 18. Nf5 Bxf5 19. exf5 Nh4 20. Bf2 Nxf5
21. g4 Nh4 22. Qxe7 Nf3+ 23. Kf1 Nxe1 24. Qxd8 Rfxd8 25. Kxe1 d5 {1/2-1/2
Rublevsky,S (2667)-Bologan,V (2645)/Tomsk RUS 2006 (57)}) 12... Nc5 13. Rad1
Be6 14. Bxe6 fxe6 15. b3 {this move seems more human but the engines prefer} (
15. e5 d5 16. Qg4 Nbd7 17. Bh6 Rf7 18. Qg3 (18. Ne2 $14) 18... Nf8 19. Be3 Qb6
20. b3 Ng6 21. h4 Qb4 22. Ne2 Ne4 23. Qg4 Bc5 24. Bxc5 Qxc5 25. Ned4 {1/2-1/2
Naum 2.0 64bit-Scorpio 1.9 2CPU/CEGT_Div./P4-2Ghz_Adaption-40Min 2007/COMP2007
(72)}) 15... Nbd7 $1 $11 16. Qd2 h6 17. Qe2 Qe8 18. e5 d5 19. Nd4 Nxe5 $1 {
Zhu Chen has played the opening very well and has equalised. She now gets the
initiative} 20. Bxh6 Ng6 21. Bc1 e5 $15 22. Nf3 Nd7 $6 (22... Qf7 $1 $15) (
22... e4 23. Nd4 Bd6 24. Qh5 Qf7 $15) 23. Ng5 Bc5 24. Be3 (24. Rf1) 24... Nf4
25. Qg4 Nf6 (25... Bb4 $1 $15 26. Bxf4 Rxf4 27. Qxf4 exf4 28. Rxe8+ Rxe8 29.
Na2 Bd6 30. c4 Be7 31. Nf3 dxc4 32. bxc4 Nc5 $15) 26. Qg3 Bxe3 27. fxe3 Ng6 (
27... N4h5 $5 28. Qh4 Qe7 29. g4 Nh7 $15) 28. e4 d4 29. Ne2 Nh7 (29... Nh5 30.
Qg4 Ngf4 31. Nxf4 Rxf4 32. Qe6+ Qxe6 33. Nxe6 Rf7 $11) 30. Nxh7 Kxh7 31. Rf1
Qe6 32. Qg5 Rxf1+ 33. Rxf1 Rf8 $6 34. Rf5 Qd6 35. Ng3 $14 Rxf5 $2 {this tempo
costs black dearly} (35... Qe6 36. Rxf8 Nxf8 37. Nf5 Qf6 38. Qxf6 gxf6 39. Nd6
b6 40. Nc8 Nd7 $11) 36. Nxf5 Qf6 (36... Qe6 37. h4) 37. Qxf6 gxf6 38. Nd6 b6
39. Nc4 $18 b5 40. Nxa5 bxa4 41. bxa4 {the rest is quite easy for white} Ne7
42. Nc4 Kg6 43. Nd6 c5 44. a5 Kg5 45. Kf2 Nc6 46. a6 Kh4 47. Kf3 (47. Nb7 c4
48. Na5 $18) 47... Na7 48. Nf5+ Kg5 49. h4+ Kg6 50. Nd6 Kh5 51. g3 Nc6 52. Ke2
(52. Nb7 $18) 52... Kg4 53. Nb5 f5 54. exf5 Kxf5 55. a7 Nxa7 56. Nxa7 e4 57.
Nb5 Kg4 58. Nd6 1-0

[Event "Olympiad-39"]
[Site "Khanty-Mansiysk"]
[Date "2010.09.24"]
[Round "4.3"]
[White "Polgar, Judit"]
[Black "Bu, Xiangzhi"]
[Result "1-0"]
[WhiteElo "2682"]
[BlackElo "2695"]
[Annotator "CB"]
[PlyCount "115"]
[EventDate "2010.09.21"]
[EventType "team-swiss"]
[EventRounds "11"]
[EventCountry "RUS"]
[SourceTitle "CBM 139"]
[Source "ChessBase"]
[SourceDate "2010.11.18"]
[SourceVersion "1"]
[SourceVersionDate "2010.11.18"]
[SourceQuality "1"]
[WhiteTeam "Hungary"]
[BlackTeam "China"]
[WhiteTeamCountry "HUN"]
[BlackTeamCountry "CHN"]
[TimeControl "40/5400+30:1800+30"]

1. e4 e5 2. Nf3 d6 3. d4 exd4 4. Nxd4 Nf6 5. Nc3 Be7 6. g3 O-O 7. Bg2 Nc6 8.
Nxc6 bxc6 9. O-O Nd7 10. b3 Bf6 11. Bb2 Rb8 12. Qd2 Re8 13. Rad1 c5 14. Bc1 Nb6
15. Rfe1 Bg4 16. Ne2 a5 17. h3 Bxe2 18. Rxe2 a4 19. Kh2 Qc8 20. f4 axb3 21.
cxb3 Qa6 22. Qc2 Bd4 23. Be3 Bxe3 24. Rxe3 Re7 25. e5 c4 26. bxc4 dxe5 27. c5
Nd7 28. c6 Nf8 29. fxe5 Qa7 30. Re2 Rbe8 31. Rd5 Qa6 32. a4 Ng6 33. e6 fxe6 34.
Rd7 Nf8 35. Rxe7 Rxe7 36. Rf2 Qa5 37. Qd2 Qxd2 38. Rxd2 Re8 {#} 39. Rd7 $1 {
Brilliant and winning.} Nxd7 ({Trying to hold on passively with} 39... Rc8 {
fails to} 40. a5) ({Or} 39... Ra8 40. Rxc7 Rxa4 41. Re7 Rc4 42. c7 Rc2 43. Kg1
{and Bb7 is decisive.}) 40. cxd7 Rd8 41. Bc6 Kf7 42. a5 Ke7 43. a6 Kd6 44. Bb7
Kxd7 45. a7 Kd6 46. a8=Q Rxa8 47. Bxa8 Ke5 48. Kg2 Kd4 49. Kf3 c5 50. Be4 h6
51. Bg6 c4 52. Kf4 Kc3 53. Bf7 g5+ 54. Ke3 Kb2 55. Bxe6 c3 56. Bf5 c2 57. Bxc2
Kxc2 58. g4 1-0

[Event "German Masters (Women) 1st"]
[Site "Dresden"]
[Date "2014.11.20"]
[Round "4"]
[White "Hoolt, Sarah"]
[Black "Kachiani Gersinska, Ketino"]
[Result "1-0"]
[WhiteElo "2334"]
[BlackElo "2342"]
[Annotator "CB"]
[PlyCount "75"]
[EventDate "2014.11.17"]
[EventType "tourn"]
[EventRounds "9"]
[EventCountry "GER"]
[EventCategory "4"]
[SourceTitle "CBM 163 Extra"]
[Source "ChessBase"]
[SourceDate "2014.12.23"]
[SourceVersion "1"]
[SourceVersionDate "2014.12.23"]
[SourceQuality "1"]

1. e4 d6 2. d4 Nf6 3. Nc3 e5 {Die Philidor-Verteidigung. Leider war
Bundestrainer GM Dorian Rogozenco noch nicht in Dresden (er wird die nächsten
Tage erwartet), denn er ist einer der führenden Experten in dieser Variante,
gerne hätte ich seine Meinung zu den nun folgenden Zügen gewusst.} 4. Nf3
Nbd7 5. g4 {hier gibt es zahlreiche Möglichkeiten das Opfer anzunehmen oder
auf diverse Weisen abzulehnen.} d5 {Ketino entscheidet sich für eine sehr
prinzipielle, wenn auch nicht häufig gespielte, Fortsetzung mit dem Vorstoß
im Zentrum.} 6. exd5 e4 7. Ng5 (7. Ne5 {spielte der junge Pole Wiezcorek gegen
den Experten für krumme Varianten Jobava.} Bb4 8. Bg5 h6 9. Bxf6 Nxf6 10. Bb5+
c6 11. dxc6 O-O 12. Qd2 e3 13. Qxe3 Bxc3+ 14. Qxc3 Qd5 15. O-O-O Qxb5 16. Rhg1
Ne4 17. Qe3 f6 18. c4 Qa6 19. Qxe4 fxe5 20. dxe5 Qxc6 21. Qxc6 bxc6 22. f4 Rxf4
23. Rd8+ Rf8 24. Rgd1 Bxg4 {0-1 (24) Wieczorek,O (2407)-Jobava,B (2705) Warsaw
2013}) 7... Bb4 8. Bd2 (8. Bg2 {hätte den Vorteil für Weiß festgehalten,
jedoch ist der Textzug sehr natürlich und auch nicht wirklich schlecht.}) 8...
Bxc3 (8... e3 {war ein Zug der während der Livekommentierung aufkam, aber
objektiv nicht mit dem Textzug mithalten kann.}) 9. Bxc3 h6 10. Nh3 Nb6 11. Rg1
Nbxd5 (11... g5 {dieser Zug ist eine ernsthafte Alternative zu dem Schlagen
auf d5, denn nun gibt es die Option mit der Dame auf d5 zu schlagen, da Sf4
aus der Stellung genommen wurde.}) 12. Bd2 Qe7 13. Qe2 h5 (13... Be6 {auch
eine langsamere Vorgehensweise scheint möglich zu sein.}) 14. gxh5 (14. g5 Ng4
15. Nf4 e3 16. fxe3 Ndxe3 17. Bxe3 Nxe3 18. Kd2 {schwer zu berechnen, aber
wohl die Möglichkeit für Sarah den Vorteil zu halten.}) 14... Nxh5 15. Rg5
Bxh3 (15... Nhf4 $1 16. Nxf4 Qxg5 17. O-O-O Qf5 18. Nxd5 Qxd5 19. c4 {ist sehr
kompliziert und kaum zu überblicken, aber am Ende scheint Schwarz die
Qualität halten zu können.}) 16. Rxd5 Nf6 17. Bg5 Bxf1 (17... Be6 {wollte
Ketino nach der Partie machen.}) 18. Kxf1 O-O $6 (18... Kf8 {damit der Turm
auf der h-Linie weiter Druck machen kann.}) 19. Re5 Qd6 20. Bxf6 Qxf6 21. Qxe4
{Jetzt hat Sarah einen Bauer gewonnen, baut in der Folge ihren Vorteil aus und
verwertet diesen, mit beeindruckender Technik.} Rad8 22. Re1 g6 (22... Qb6 {
mit dem Doppelangriff auf d4 und b2 eventuell die letzte Chance der Partie
für Ketino.}) 23. Re3 Kg7 24. c3 Qa6+ 25. Kg2 Rh8 26. Re7 Qd6 27. Qe5+ Qxe5
28. R3xe5 Rc8 29. Rc5 c6 30. Rxb7 Rh4 31. d5 Rh5 32. Rxc6 Rch8 33. d6 Rg5+ 34.
Kf3 Rxh2 35. d7 Rd5 36. Ke4 Rd2 37. Rc4 Rh4+ 38. f4 1-0

[Event "Sinquefield Cup 2nd"]
[Site "Saint Louis"]
[Date "2014.09.04"]
[Round "8"]
[White "Aronian, Levon"]
[Black "Vachier Lagrave, Maxime"]
[Result "1/2-1/2"]
[WhiteElo "2805"]
[BlackElo "2768"]
[Annotator "CB"]
[PlyCount "60"]
[EventDate "2014.08.27"]
[EventType "tourn"]
[EventRounds "10"]
[EventCountry "USA"]
[EventCategory "23"]
[SourceTitle "CBM 162"]
[Source "ChessBase"]
[SourceDate "2014.09.17"]
[SourceVersion "1"]
[SourceVersionDate "2014.09.17"]
[SourceQuality "1"]

1. Nf3 d6 2. d4 Nf6 3. Nc3 Nbd7 4. e4 e5 {Just to point out, this was the most
unusual move-order to get to this position ever.} 5. g4 $5 {A favorite of
Alexei Shirov, the attacking genius from Latvia. Aronian might have been
banking on MVL's probable lack of knowledge in the variation.} g6 {One of the
logical ways to decline the gambit.} (5... Nxg4 6. Rg1 Ngf6 7. Be3 {is a
possible and sharp variation. Black was certainly not going into this without
previous experience.}) 6. g5 Nh5 7. Bh3 $5 {Aronian played this quickly,
though the move is rather strange.} exd4 (7... Nb6 {also seems possible.}) 8.
Nxd4 h6 $6 {I don't like this move, though it might be objectively ok and it
is the computer's first choice. The weakening of the kingside only helps White;
} (8... Nc5 9. Bxc8 Qxc8 $14) 9. Bxd7+ $5 {Interesting approach. Aronian
trades off the knight on d7 for his developed bishop to retain the pressure
with the g5 pawn.} (9. Bf5 $5 {is cool but not very human.}) 9... Bxd7 10. h4
Be7 $2 {This is the start of MVL's real troubles.} (10... Qe7 11. Qd3 O-O-O {
was imperative. Black has to get his king to safety.}) 11. gxh6 Bxh4 12. Be3 {
MVL must have underestimated the danger that the h6 pawn posed, but more
importantly how difficult it will be to get his king to 0-0-0.} c6 (12... Qe7
13. Nf3 $1 Bf6 14. Nd5 Qxe4 15. Rxh5 $18) 13. Nf5 $1 {Powerful and effective.}
gxf5 (13... Bxf5 14. exf5 Qe7 15. Qe2 Bf6 16. O-O-O $18 {Black's position is
basically collapsing. g6 is too weak.}) 14. Qxh5 Bf6 15. O-O-O Qe7 16. Bf4 $1 {
the d6 pawn is very weak.} O-O-O 17. Bxd6 $1 (17. Rxd6 {is also possible, but
this is cleaner.}) 17... Qe6 18. e5 {During the live commentary with GM Ben
Finegold I thought this was a very human way of converting the advantage,
simply killing Black's activity. I still hold this opinion.} (18. Kb1 $1 {
Is something Aronian looked at and also very strong, but it's a little messier.
}) 18... Bxe5 19. Bxe5 Qxe5 20. h7 {Black's position is simply crushed.} Rde8
21. Qxf7 $2 {The start of a very bad sequence. There is no reason to take this
useless pawn that simply opens lines against White's crown jewel: the pawn on
h7.} (21. Rhg1 {(or any other decent move)} Be6 22. Kb1 $18) 21... Re7 22. Qg8+
Kc7 23. Rde1 $4 {Aronian must have been banking on this move.} (23. Rh5 $16)
23... Rexh7 $1 {Aronian completely missed this move. Maurice Ashely asked him
if sometimes "the machine just stops working". Aronian had nothing more than
to reply with "yeah".} (23... Rhxh7 {is also possible. When Aronian realized
this during the live broadcast he muttered "well, that's embarassing..."}) 24.
Qxh7 Rxh7 25. Rxe5 Rxh1+ 26. Kd2 {The computer gives Black an edge, but no one
knows why. This is a completely equal endgame.} Kd6 27. Re3 Rh2 28. Ke1 Rh1+
29. Kd2 Rh2 30. Ke1 Rh1+ 1/2-1/2

[Event "YUG-chT"]
[Site "Budva"]
[Date "1996.??.??"]
[Round "6"]
[White "Rublevsky, Sergei"]
[Black "Abramovic, Bosko"]
[Result "1-0"]
[WhiteElo "2610"]
[BlackElo "2490"]
[Annotator "Chekhov,V"]
[PlyCount "49"]
[EventDate "1996.??.??"]
[EventType "team"]
[EventRounds "6"]
[EventCountry "YUG"]
[SourceTitle "CBM 053 Extra"]
[Source "ChessBase"]
[SourceDate "1996.09.01"]
[SourceVersion "1"]
[SourceVersionDate "1996.09.01"]
[SourceQuality "1"]

1. e4 e5 2. Nf3 d6 3. d4 Nf6 4. dxe5 Nxe4 5. Qd5 Nc5 6. Bg5 Be7 7. exd6 Qxd6 8.
Nc3 Qe6+ $5 {N/} (8... Qxd5 9. Nxd5 Bd6 10. O-O-O Nc6 11. Bb5 Bd7 12. Rhe1+ Ne6
13. c4 Rc8 14. Bf4 a6 15. Bxd6 cxd6 16. Bxc6 Bxc6 17. Kb1 $14 {Nijboer,
F-Cifuentes Parada,R/Amsterdam/1994/0|1/65/}) (8... Ne6 9. Bxe7 Qxe7 10. O-O-O
Nc6 11. Qe4 Qb4 12. Bc4 O-O 13. Nd5 Qc5 14. Qh4 $36 {Ionov,S-Yandemirov,V/
Elista/1994/1|0/19/}) (8... c6 9. Qxd6 Bxd6 10. O-O-O Bc7 11. Be3 Ne6 12. Ne4
O-O 13. Nd6 Bxd6 14. Rxd6 Nd7 15. Bc4 Nf6 16. Ne5 $14 {Korneev,O-Bukacek,E/
Werfen/1992/1|0/36/}) (8... h6 9. Be3 c6 10. Qxd6 Bxd6 11. O-O-O Be7 12. Bc4
Nba6 13. Rhe1 Be6 14. Ne5 O-O 15. Bxe6 Nxe6 16. f4 $36 {Shmit,A-Peterson,A/URS/
1972/0,5/30/}) 9. Be3 (9. Be2 c6 10. Qd4 O-O 11. O-O-O $36) 9... c6 10. Qd4 O-O
11. Bc4 Qg4 12. O-O-O b5 13. Qe5 $1 Qxc4 14. Qxe7 Nb7 (14... Nba6 15. Ne5 Qe6
16. Bxc5 $18) (14... Ne6 $4 15. Ne5 $18) 15. Ng5 (15. Ne5 Qe6 16. Qxe6 Bxe6 $14
) 15... Qh4 (15... h6 16. Nge4 (16. Rd4 Qc5 17. Qxc5 Nxc5 18. Nge4 Nxe4 19.
Nxe4 $16) 16... Qe6 17. Qxe6 Bxe6 18. Nd6 Nxd6 19. Rxd6 $14) 16. Rd4 Qh5 17.
Rhd1 Nd7 18. Rxd7 Bxd7 19. Qxd7 b4 20. g4 (20. Nce4 Rad8 21. g4 Rxd7 22. gxh5
Rxd1+ 23. Kxd1 Rd8+ 24. Ke2 $16) 20... Qxh2 21. Nce4 Na5 22. Qf5 Nc4 23. Bc5
$18 Rad8 24. Qxf7+ $1 Kh8 25. Bxf8 (25. Bxf8 Rxd1+ 26. Kxd1 Qg1+ 27. Ke2 Qxg4+
28. Qf3 $18) 1-0

[Event "Politiken Cup 18th"]
[Site "Copenhagen"]
[Date "1996.??.??"]
[Round "2"]
[White "Rozentalis, Eduardas"]
[Black "Pedersen, Steffen"]
[Result "1-0"]
[WhiteElo "2605"]
[BlackElo "2405"]
[Annotator "Chekhov,V"]
[PlyCount "61"]
[EventDate "1996.06.??"]
[EventType "swiss"]
[EventRounds "11"]
[EventCountry "DEN"]
[SourceTitle "CBM 054"]
[Source "ChessBase"]
[SourceDate "1996.10.01"]
[SourceVersion "1"]
[SourceVersionDate "1996.10.01"]
[SourceQuality "1"]

1. e4 e5 2. Nf3 d6 3. d4 Nf6 4. Nc3 Nbd7 5. Bc4 Be7 6. h3 c6 (6... O-O 7. O-O
c6 8. a4 b6 9. Be3 Bb7 10. d5 c5 $132 {Hon Kah Seng,C-Cifuentes Parada,R/Dubai/
1986/0|1/52/}) 7. dxe5 dxe5 8. a4 O-O 9. Qe2 Bb4 (9... Qc7 $5 10. O-O Nc5 11.
Rd1 Be6 12. b4 Bxc4 13. Qxc4 Ne6 14. Ne2 b5 $1 $10 {Daehr,C-Reichstein,H/GER/
1983/0,5/35/}) 10. O-O Qe7 11. Nd1 Bd6 (11... a5 $5) 12. Bg5 Nc5 (12... h6 13.
Nh4 hxg5 (13... Nb6 14. Ng6 $18) 14. Nf5 Qd8 15. Nxd6 Nb6 16. Nxc8 Rxc8 17. Bd3
$14) 13. Nd2 h6 14. Bh4 Ne6 15. Bxe6 Qxe6 (15... Bxe6 16. Ne3 Rad8 17. Nf5 $6 (
17. Rad1 $36) 17... Bxf5 18. exf5 e4 $1 $132) 16. Ne3 Re8 17. Rfd1 g6 (17...
Bf8 $5 18. a5 $14) 18. Qf3 Nh5 (18... Be7 $5 19. Ndc4 b6 20. Rd2 (20. Bxf6 Qxf6
21. Qxf6 Bxf6 22. Rd6 Bg7 (22... Be6 23. Rxc6 Rac8 24. Rxc8 Rxc8 25. b3 $16) (
22... Be7 23. Rxc6 Bb7 24. Rc7 Bxe4 25. f3 Bf5 (25... Bd8 26. Rd7 Bc6 27. Rd6
Rc8 $13) 26. Nxf5 gxf5 27. Rd1 $36) 23. Rxc6 $22 Bb7 24. Rc7 Bxe4 25. Nd6 $18)
20... Ba6 21. Rad1 Rad8 22. Bxf6 Qxf6 23. Qxf6 Bxf6 24. Rxd8 Rxd8 25. Rxd8+
Bxd8 26. Nxe5 $16) 19. Ng4 Kg7 20. Nc4 $1 Bc7 (20... Qxc4 21. Rxd6 Qxc2 22.
Bf6+ Kh7 23. Nxe5 $16) 21. b3 b6 22. Rd2 Ba6 23. Rad1 Bxc4 24. bxc4 Qxc4 25.
Rd7 Rac8 26. Bf6+ Kh7 27. Bg5 $1 hxg5 28. Rxf7+ Kh8 29. Rdd7 Bb8 30. Rh7+ Kg8
31. Nh6# 1-0

[Event "Christmas Congress 1979/80-55 Premier"]
[Site "Hastings"]
[Date "1979.12.30"]
[Round "3"]
[White "Speelman, Jonathan S"]
[Black "Giorgadze, Tamaz"]
[Result "1-0"]
[WhiteElo "2470"]
[BlackElo "2535"]
[Annotator "ChessBase"]
[PlyCount "81"]
[EventDate "1979.12.28"]
[EventType "tourn"]
[EventRounds "15"]
[EventCountry "ENG"]
[EventCategory "10"]
[SourceTitle "MCD"]
[Source "ChessBase"]
[SourceDate "1999.07.01"]
[SourceVersion "1"]
[SourceVersionDate "1999.07.01"]
[SourceQuality "1"]

1. e4 e5 2. Nf3 d6 3. d4 exd4 4. Nxd4 Nf6 5. Nc3 Be7 6. g3 d5 7. e5 Ng4 8. e6
Nf6 9. Bh3 Nc6 10. exf7+ Kxf7 11. Bxc8 Qxc8 12. Nf3 Qd7 13. O-O Rhe8 14. Qd3
Rad8 15. Bf4 Bb4 16. Nb5 Ba5 17. c3 Kg8 18. Bg5 Ne5 19. Nxe5 Rxe5 20. Bxf6 gxf6
21. Nd4 Bb6 22. Nf3 Re4 23. Rae1 Qe7 24. Qd1 Qd7 25. Qd3 {[#]} Qe6 $2 (25...
Qe7) 26. Rxe4 Qxe4 27. Qd1 $16 c6 28. Re1 Qg4 29. Re7 Bc5 30. Rxb7 Re8 $2 (
30... Qc8 31. Rb3 $16) 31. Qd3 $16 (31. Rc7 $18) 31... Qe4 32. Qxe4 dxe4 33.
Nd4 e3 (33... Bxd4 34. cxd4 a5 35. Rc7 $16) 34. fxe3 $18 Rxe3 35. Kf2 Bxd4 36.
cxd4 Rd3 37. Ke2 Rxd4 38. Rxa7 c5 39. b3 Re4+ 40. Kd3 Rd4+ 41. Kc3 1-0

[Event "Lausanne YM 4th"]
[Site "Lausanne"]
[Date "2003.09.22"]
[Round "3.2"]
[White "McShane, Luke J"]
[Black "Bacrot, Etienne"]
[Result "1-0"]
[WhiteElo "2619"]
[BlackElo "2645"]
[Annotator "ChessBase"]
[PlyCount "69"]
[EventDate "2003.09.17"]
[EventType "k.o."]
[EventRounds "3"]
[EventCountry "SUI"]
[SourceTitle "CBM 098"]
[Source "ChessBase"]
[SourceDate "2004.02.03"]
[SourceVersion "1"]
[SourceVersionDate "2004.02.03"]
[SourceQuality "1"]

{[%mdl 2]} 1. e4 e5 2. Nf3 d6 3. d4 exd4 4. Nxd4 Nf6 5. Nc3 Be7 6. g3 {Es gibt
eigentlich keine Veranlassung den bewährten Hauptvarianten 6.Be2 oder 6.Bc4
auszuweichen, es sei denn, man hat mit dem Erlernen von Theorievarianten nicht
viel im Sinn.} d5 $1 7. exd5 Nxd5 8. Bd2 Nb4 {Diesem und dem nächsten
Springerzug kann ich nicht viel abgewinnen.} 9. Be3 Nd5 10. Qd3 O-O 11. O-O-O
Nxe3 12. Qxe3 {Weiß hat das Läuferpaar abgegeben, besitzt aber
Entwicklungsvorsprung.} Bc5 13. Qf4 Bd6 14. Qd2 Bb4 15. Bc4 Nd7 16. a3 Ba5 17.
Rhe1 {Das weiße Übergewicht sieht erdrückend aus, kann sich aber bei fast
symmetrischer Bauernstruktur schnell in Luft auflösen.} Nb6 18. Ba2 c5 19. Ndb5
Qf6 20. Nc7 $1 Bg4 21. Nxa8 Na4 22. Nc7 Nxc3 23. bxc3 Bxc7 24. f3 $1 {Das
hatte Luke sicher bei 20.Sc7 schon gesehen.} Bc8 ({Nach} 24... Bxf3 25. Rf1 Qc6
26. Bd5 Bxd5 27. Qxd5 {sollte Weiß ohne große Probleme gewinnen.}) 25. Qe3 {
Die Verwertung der Mehrqualität ist eine Frage der Technik und diese
beherrscht der Führer der weißen Steine hier perfekt.} Ba5 26. Qxc5 Bb6 27. Qe7
$1 Qxf3 ({Oder} 27... Qxc3 28. Qxf7+ $1 Rxf7 29. Re8#) 28. Bd5 $1 {} Qh5 29.
Re5 Qh6+ 30. Kb1 g6 31. Rf1 Bf5 32. g4 Bd8 33. Qd6 Qh3 34. Rf3 Qxg4 35. Rexf5 {
Der Schlussakkord. Schwarz gibt auf, denn nach 35...gxf5 36.Rg3 geht die Dame
verloren.} 1-0

[Event "Tatran Cup 35th"]
[Site "Stary Smokovec"]
[Date "1987.??.??"]
[Round "?"]
[White "Kindermann, Stefan"]
[Black "Gross, Stefan"]
[Result "1-0"]
[WhiteElo "2490"]
[BlackElo "2430"]
[Annotator "ChessBase"]
[PlyCount "81"]
[EventDate "1987.10.15"]
[EventType "tourn"]
[EventRounds "11"]
[EventCountry "CSR"]
[EventCategory "8"]
[SourceTitle "MainBase"]
[Source "ChessBase"]
[SourceDate "1999.07.01"]
[SourceVersion "2"]
[SourceVersionDate "1999.07.01"]
[SourceQuality "1"]

1. e4 d6 2. d4 Nf6 3. Nc3 c6 4. Be2 $5 e5 5. Nf3 Qc7 6. a4 Be7 (6... a5) 7. a5
O-O 8. O-O Bg4 9. Be3 Nbd7 10. Nh4 $6 (10. Nd2 Bxe2 11. Qxe2 { []c4, <<fd1})
10... Bxe2 $6 (10... Nxe4 $1 11. Bxg4 (11. Nxe4 Bxe2 12. Qxe2 Bxh4 13. Qg4 f5
14. Qxh4 fxe4 15. Qxe4 d5 16. Qh4 e4 17. Qg3 $10) 11... Nxc3 12. bxc3 Bxh4 13.
Bxd7 Qxd7 14. dxe5 Rfd8 $13) 11. Qxe2 $14 Rfe8 (11... Nxe4 $2 12. Nf5 Ndf6 13.
Nxe4 Nxe4 14. Qg4 $18) 12. Nf5 Bf8 13. dxe5 dxe5 14. Qf3 Re6 15. Rfd1 Bb4 16.
a6 b6 17. Ne2 Nf8 18. Bg5 Ne8 19. Qb3 Bc5 20. Rd2 h6 21. Be3 Bxe3 22. Qxe3 Nd6
23. Qd3 Nxf5 24. exf5 Re7 25. Rad1 e4 $6 (25... Rd7) 26. Qg3 $16 Qe5 27. Qxe5
Rxe5 28. g4 Ra5 29. Rd8 Rxd8 30. Rxd8 Rxa6 31. Nd4 Ra1+ $8 (31... c5 32. Ne6 $1
fxe6 33. fxe6 $18) 32. Kg2 Rd1 33. Nxc6 Rxd8 34. Nxd8 Nd7 35. Nc6 a5 36. Kg3
Kf8 37. Kf4 Nc5 38. Ke3 $18 (38. Ke5 $2 Nd3+ $1) 38... Ke8 39. Kd4 g6 40. fxg6
fxg6 41. Nxa5 1-0